UBT Library

Dental assisting exam review: (Record no. 1930)

000 -LEADER
fixed length control field 00297nam a22001217a 4500
008 - FIXED-LENGTH DATA ELEMENTS--GENERAL INFORMATION
fixed length control field 160510b xxu||||| |||| 00| 0 eng d
020 ## - INTERNATIONAL STANDARD BOOK NUMBER
International Standard Book Number 9780827390713
020 ## - INTERNATIONAL STANDARD BOOK NUMBER
International Standard Book Number 0827390718
041 ## - LANGUAGE CODE
Language code of text/sound track or separate title eng
080 ## - UNIVERSAL DECIMAL CLASSIFICATION NUMBER
Universal Decimal Classification number 616.31
245 ## - TITLE STATEMENT
Title Dental assisting exam review:
Statement of responsibility, etc Melissa Thibodeaux;
942 ## - ADDED ENTRY ELEMENTS (KOHA)
Source of classification or shelving scheme
Item type Books
Holdings
Withdrawn status Lost status Source of classification or shelving scheme Damaged status Not for loan Collection code Permanent location Current location Shelving location Date acquired Total Checkouts Full call number Barcode Date last seen Price effective from Koha item type
          Koleksioni i përgjithshem UBT - Lipjan UBT - Lipjan Koleksioni i përgjithshem 05/10/2016   616.31 THIB 002-028642 05/10/2016 05/10/2016 Books
UBT Library © 2015-2024. All rights reserved University Education for Business and Technology